000 00202nam a22000857a 4500
008 231212b |||||||| |||| 00| 0 eng d
020 _a9780143421078
100 _aDAS
_97735
245 _aIndia Grows at Night
999 _c12513
_d12513